000 00849nam a2200241 a 4500
001 BRCA_1764
005 20190320203535.0
008 990514s1998 mx-a---##b---#000-0#spa-#
020 _a9687279249
040 _aDLC
_cDLC
_dDLC
050 4 _aND259.S5
_b.T53 1998
100 1 _aTibol, Raquel
_95076
245 1 0 _aLos murales de Siqueiros
_cRaquel Tibol, Shifra M. Goldman, Agustín Arteaga ; Enrique Bostelman fotografía.
260 _aMéxico
_bAmérico Arte : CONACULTA : INBA
_c1998
300 _a331 p.
_bil. (algunas a color)
_c33 cm.
500 _aColección Sonia Corcuera de Mancera
504 _aIncluye referencias bibliográficas
600 1 4 _aSiqueiros, David Alfaro
_d1896-1974
_xCrítica e interpretación
_95010
700 1 _aGoldman, Shifra M
_d1926-
_95498
700 1 _aArteaga, Agustín
_95499
902 _aDSC
942 _2lcc
_cB
999 _c1547
_d1547